Hungarian Darts Trophy Winners - Statistics

General Stats
  • This quiz has been taken 6 times
  • The average score is 4 of 5
Answer Stats
Year Country Winner % Correct
2024 Netherlands Michael van Gerwen
100%
2021 Wales Gerwyn Price
83%
2023 England Dave Chisnall
67%
2022 England Joe Cullen
67%
2025 Germany Niko Springer
67%
No matching quizzes found
Score Distribution
Percent of People with Each Score
Percentile by Number Answered
Your Score History
You have not taken this quiz